000
00280nam a2200109Ia 4500
008
190914s9999||||xx |||||||||||||| ||und||
100
_a
Oxford University Press
245
0
_a
Oxford Dictionary of Synonyms and Antonyms
260
_a
USA
_b
Oxford
_c
2002
300
_a
450
942
_c
BK
999
_c
9795
_d
9795